000
00239nam a22000857a 4500
008
160629b xxu||||| |||| 00| 0 eng d
100
_9
1389
_a
Educational Planning Group
245
_a
Home Management
260
_a
New Delhi
_b
Arya Publication
_c
2005
999
_c
1148
_d
1148